000 00509nam a2200181Ia 4500
003 OSt
005 20200727100529.0
008 190216s9999||||xx |||||||||||||| ||und||
020 _a9788173197536
040 _coclc
082 _a512.5
_bPRA/E
100 _a Prasad, Devi
_93752
245 0 _aElementary Linear Algebra /
_cDevi Prasad
260 _bNarosa Pubs House,
_c2006.
_aNew Delhi:
300 _a113p
650 _aMathematics
942 _cBK
_2ddc
_h512.5
_iPRA/E
_k512.5
_mPRA/E
999 _c32284
_d32284